000 00386nam a2200133Ia 4500
008 220217s9999||||xx |||||||||||||| ||und||
020 _a81-7366-996-1
082 _a004.68 FAI
100 _aFair, Ted. Nordfelt, Michael. Ring, Sandra. and Cole, Eric
_95666
245 0 _aCyber spying
260 _aShroff publishers and dis. Pvt.
_bMumbai
_c2005
300 _b475
650 _aWWW
999 _c176737
_d176737